The limits of abstraction / (Record no. 119011)
[ view plain ]
| 000 -LEADER | |
|---|---|
| fixed length control field | 02115cam a22003254a 4500 |
| 001 - CONTROL NUMBER | |
| control field | 12780912 |
| 003 - CONTROL NUMBER IDENTIFIER | |
| control field | ARRUPE |
| 005 - DATE AND TIME OF LATEST TRANSACTION | |
| control field | 20131203173638.0 |
| 008 - FIXED-LENGTH DATA ELEMENTS--GENERAL INFORMATION | |
| fixed length control field | 020518s2002 enk b 001 0 eng |
| 010 ## - LIBRARY OF CONGRESS CONTROL NUMBER | |
| LC control number | 2002070134 |
| 020 ## - INTERNATIONAL STANDARD BOOK NUMBER | |
| International Standard Book Number | 0199246181 |
| 040 ## - CATALOGING SOURCE | |
| Original cataloging agency | DLC |
| Transcribing agency | DLC |
| Modifying agency | DLC |
| 042 ## - AUTHENTICATION CODE | |
| Authentication code | pcc |
| 050 00 - LIBRARY OF CONGRESS CALL NUMBER | |
| Classification number | QA8.4 |
| Item number | .F56 2002 |
| 082 00 - DEWEY DECIMAL CLASSIFICATION NUMBER | |
| Classification number | 510/.1 |
| Edition number | 21 |
| 300 ## - PHYSICAL DESCRIPTION | |
| Dimensions | 23 cm. |
| 100 1# - MAIN ENTRY--PERSONAL NAME | |
| Personal name | Fine, Kit. |
| 9 (RLIN) | 4899 |
| 245 14 - TITLE STATEMENT | |
| Title | The limits of abstraction / |
| Statement of responsibility, etc | Kit Fine. |
| 260 ## - PUBLICATION, DISTRIBUTION, ETC. (IMPRINT) | |
| Place of publication, distribution, etc | Oxford ; |
| -- | New York : |
| Name of publisher, distributor, etc | Oxford University Press, |
| Date of publication, distribution, etc | 2002. |
| 300 ## - PHYSICAL DESCRIPTION | |
| Extent | x, 203 p. ; |
| 504 ## - BIBLIOGRAPHY, ETC. NOTE | |
| Bibliography, etc | Includes bibliographical references (p. [193]-196) and indexes. |
| 505 8# - FORMATTED CONTENTS NOTE | |
| Formatted contents note | Machine generated contents note: I. Philosophical Introduction 1 -- 1. Truth 3 -- 2. Definition 15 -- 3. Reconceptualization 35 -- 4. Foundations 41 -- 5. The Identity of Abstracts 46 -- II. The Context Principle 55 -- 1. What is the Context Principle? 56 -- 2. Completeness 60 -- 3. The Caesar Problem 68 -- 4. Referential Determinacy 77 -- 5. Predicativity 81 -- 6. The Possible Predicative Content of Hume's Law 90 -- III. The Analysis of Acceptability 101 -- 1. Language and Logic 101 -- 2. Models 105 -- 3. Preliminary Results 107 -- 4. Tenability 114 -- 5. Generation 118 -- 6. Categoricity 122 -- 7. Invariance 138 -- 8. Hyperinflation 156 -- 9. Internalized Proofs 161 -- IV. The General Theory of Abstraction 165 -- 1. The Systems 165 -- 2. Semantics 175 -- 3. Derivations 189 -- 4. Further Work 191. |
| 650 #0 - SUBJECT ADDED ENTRY--TOPICAL TERM | |
| Topical term or geographic name as entry element | Mathematics |
| General subdivision | Philosophy. |
| 9 (RLIN) | 4900 |
| 650 #0 - SUBJECT ADDED ENTRY--TOPICAL TERM | |
| Topical term or geographic name as entry element | Abstraction. |
| 9 (RLIN) | 4901 |
| 856 41 - ELECTRONIC LOCATION AND ACCESS | |
| Materials specified | Table of contents only |
| Uniform Resource Identifier | <a href="http://www.loc.gov/catdir/toc/fy033/2002070134.html">http://www.loc.gov/catdir/toc/fy033/2002070134.html</a> |
| 856 42 - ELECTRONIC LOCATION AND ACCESS | |
| Materials specified | Publisher description |
| Uniform Resource Identifier | <a href="http://www.loc.gov/catdir/enhancements/fy0613/2002070134-d.html">http://www.loc.gov/catdir/enhancements/fy0613/2002070134-d.html</a> |
| 856 42 - ELECTRONIC LOCATION AND ACCESS | |
| Materials specified | Contributor biographical information |
| Uniform Resource Identifier | <a href="http://www.loc.gov/catdir/enhancements/fy0726/2002070134-b.html">http://www.loc.gov/catdir/enhancements/fy0726/2002070134-b.html</a> |
| 906 ## - LOCAL DATA ELEMENT F, LDF (RLIN) | |
| a | 7 |
| b | cbc |
| c | orignew |
| d | 1 |
| e | ocip |
| f | 20 |
| g | y-gencatlg |
| 942 ## - ADDED ENTRY ELEMENTS (KOHA) | |
| Source of classification or shelving scheme | Library of Congress Classification |
| Koha item type | Monograph ( Printed materials) |
| Withdrawn status | Lost status | Source of classification or shelving scheme | Damaged status | Not for loan | Home library | Current library | Shelving location | Date acquired | Total Checkouts | Full call number | Barcode | Date last seen | Price effective from | Koha item type |
|---|---|---|---|---|---|---|---|---|---|---|---|---|---|---|
| Library of Congress Classification | ARRUPE LIBRARY | ARRUPE LIBRARY | Main Collection | 03/12/2013 | QA8.4 .F56 2002 | 464123681 | 03/12/2013 | 03/12/2013 | Monograph ( Printed materials) |